[Event "Foxwoods op 16th"]
[Site "Ledyard"]
[Date "2024.03.30"]
[Round "6"]
[White "Arvind, C Jayaraman"]
[Black "Venkatesh, Narayan"]
[Result "1-0"]
[WhiteElo "2054"]
[BlackElo "2033"]
[PlyCount "59"]
[EventDate "2024.03.27"]
[EventType "swiss"]
[EventRounds "9"]
[EventCountry "USA"]
[SourceTitle "CB14_2024"]
[SourceDate "2024.04.01"]
[SourceVersion "1"]
[SourceVersionDate "2024.04.01"]
[SourceQuality "1"]

1. d4 Nf6 2. c4 e6 3. Nc3 Bb4 4. e3 0-0 5. Bd3 d5 6. a3 Bxc3+ 7. bxc3 dxc4 8. Bxc4 c5 9. Ne2 Qc7 10. Bd3 Nc6 11. f4 b6 12. 0-0 Rd8 13. Ng3 Bb7 14. Qe2 Rac8 15. Bb2 Na5 16. Rac1 Qd7 17. Rcd1 cxd4 18. cxd4 Qa4 19. e4 Nc4 20. Ba1 Nxa3 21. d5 Ne8 22. Nh5 g6 23. Nf6+ Nxf6 24. Bxf6 Rd7 25. Qg4 exd5 26. e5 Re8 27. Qh3 h5 28. Qg3 Qb3 29. Qg5 Re6 30. Qh6 1-0

[Event "Fort Lauderdale 1000 GM IM 11"]
[Site "Fort Lauderdale"]
[Date "2023.11.04"]
[Round "5"]
[White "Escobar Forero, Alder"]
[Black "Arvind, C Jayaraman"]
[Result "1-0"]
[WhiteElo "2450"]
[BlackElo "2108"]
[PlyCount "83"]
[EventDate "2023.11.02"]
[EventType "tourn"]
[EventRounds "9"]
[EventCountry "USA"]
[SourceTitle "CB46_2023"]
[SourceDate "2023.11.15"]
[SourceVersion "1"]
[SourceVersionDate "2023.11.15"]
[SourceQuality "1"]

1. e4 e5 2. Nf3 Nc6 3. Bb5 a6 4. Ba4 Nf6 5. d3 b5 6. Bb3 Bc5 7. 0-0 d6 8. c3 h6 9. Be3 Bxe3 10. fxe3 Be6 11. Nh4 Ne7 12. Nd2 Qd7 13. d4 Bxb3 14. axb3 Qg4 15. Qe1 Nh7 16. h3 Qe6 17. Qg3 0-0 18. b4 f6 19. Nf5 Nxf5 20. exf5 Qd7 21. d5 Rfc8 22. e4 c5 23. dxc6 Qxc6 24. Qd3 Rd8 25. Qd5+ Qxd5 26. exd5 Ng5 27. h4 Nf7 28. Ne4 Kf8 29. Ra3 Rd7 30. Rfa1 Rda7 31. b3 Ke7 32. c4 bxc4 33. bxc4 Rb8 34. b5 Rc7 35. Rxa6 Rxc4 36. Ra7+ Ke8 37. Rxf7 Rxe4 38. Rxg7 Kf8 39. Rg6 Rxb5 40. Rxf6+ Kg7 41. Rg6+ Kf7 42. Ra7+ 1-0

[Event "Fort Lauderdale 1000 GM IM 11"]
[Site "Fort Lauderdale"]
[Date "2023.11.02"]
[Round "1"]
[White "Yanayt, Eugene"]
[Black "Arvind, C Jayaraman"]
[Result "1/2-1/2"]
[WhiteElo "2095"]
[BlackElo "2108"]
[PlyCount "68"]
[EventDate "2023.11.02"]
[EventType "tourn"]
[EventRounds "9"]
[EventCountry "USA"]
[SourceTitle "CB46_2023"]
[SourceDate "2023.11.15"]
[SourceVersion "1"]
[SourceVersionDate "2023.11.15"]
[SourceQuality "1"]

1. d4 d5 2. Nf3 Nf6 3. c4 e6 4. g3 h6 5. Bg2 Bd6 6. 0-0 0-0 7. Nc3 Nc6 8. b3 Re8 9. Bb2 dxc4 10. bxc4 e5 11. d5 Na5 12. Nd2 c6 13. Rc1 Bf5 14. Qa4 Bd7 15. Qc2 cxd5 16. cxd5 Rc8 17. Qd3 a6 18. Nce4 Nxe4 19. Nxe4 Rxc1 20. Rxc1 Bf8 21. Qc3 b5 22. Ba3 Nc4 23. Bxf8 Kxf8 24. Nd2 Nxd2 25. Qxd2 Qb8 26. d6 Rc8 27. Rd1 Rc5 28. Qa5 Qc8 29. Bb7 Qe8 30. Qa3 Rc2 31. Bxa6 Qa8 32. Qd3 Bh3 33. e4 Rxa2 34. d7 Bxd7 1/2-1/2

[Event "Foxwoods op 15th"]
[Site "Ledyard"]
[Date "2023.04.08"]
[Round "6"]
[White "Arvind, C Jayaraman"]
[Black "Ocido, Michael"]
[Result "1/2-1/2"]
[WhiteElo "2127"]
[BlackElo "2076"]
[PlyCount "62"]
[EventDate "2023.04.05"]
[EventType "swiss"]
[EventRounds "9"]
[EventCountry "USA"]
[SourceTitle "CBM 213 Extra"]
[Source "ChessBase"]
[SourceDate "2023.05.31"]
[SourceVersion "1"]
[SourceVersionDate "2023.05.31"]
[SourceQuality "1"]

1. d4 Nf6 2. c4 e6 3. Nc3 d5 4. Bg5 Nbd7 5. e3 h6 6. Bh4 Be7 7. Nf3 c6 8. Rc1 0-0 9. a3 b6 10. Bd3 dxc4 11. Bxc4 Bb7 12. 0-0 c5 13. Qe2 Ne4 14. Bxe7 Nxc3 15. Bxd8 Nxe2+ 16. Bxe2 Rfxd8 17. dxc5 Nxc5 18. b4 Ne4 19. Rc7 Nd6 20. Rd1 Bd5 21. Ba6 Ne8 22. Rcc1 Bxf3 23. gxf3 Kf8 24. Kf1 Ke7 25. Rxd8 Rxd8 26. Ke2 g5 27. Bb5 h5 28. Bxe8 Kxe8 29. Rc7 Rd7 30. Rc8+ Rd8 31. Rc7 Rd7 1/2-1/2

[Event "Foxwoods op 15th"]
[Site "Ledyard"]
[Date "2023.04.07"]
[Round "4"]
[White "Feng, Eric1111"]
[Black "Arvind, C Jayaraman"]
[Result "1/2-1/2"]
[WhiteElo "1951"]
[BlackElo "2127"]
[PlyCount "80"]
[EventDate "2023.04.05"]
[EventType "swiss"]
[EventRounds "9"]
[EventCountry "USA"]
[SourceTitle "CBM 213 Extra"]
[Source "ChessBase"]
[SourceDate "2023.05.31"]
[SourceVersion "1"]
[SourceVersionDate "2023.05.31"]
[SourceQuality "1"]

1. d4 d5 2. c4 e6 3. Nf3 Nf6 4. g3 dxc4 5. Bg2 Bd7 6. 0-0 Bc6 7. a4 a6 8. Nc3 Nbd7 9. Qc2 b5 10. Bf4 Bd6 11. Ne5 Bxg2 12. Kxg2 Bxe5 13. dxe5 Nd5 14. axb5 Nxc3 15. Qxc3 axb5 16. Qb4 Qb8 17. Kg1 Rxa1 18. Rxa1 c5 19. Qd2 h6 20. e4 g5 21. Be3 Nxe5 22. Kg2 0-0 23. Bxc5 Rd8 24. Qe2 Nd3 25. Be7 Re8 26. Bf6 Qb7 27. Kg1 e5 28. h4 Qc6 29. hxg5 hxg5 30. Bxg5 Qg6 31. Bh4 Nc5 32. Qe3 Nxe4 33. Ra7 b4 34. Rb7 b3 35. Kg2 Nd6 36. Rc7 Nf5 37. Qe4 Nd6 38. Qd5 Qd3 39. Qc6 e4 40. Be7 Qf3+ 1/2-1/2

[Event "Charlotte CCCSA Spring IM-C"]
[Site "Charlotte"]
[Date "2023.03.18"]
[Round "6"]
[White "Arvind, C Jayaraman"]
[Black "Amburgy, Ryan"]
[Result "1/2-1/2"]
[WhiteElo "2104"]
[BlackElo "2242"]
[PlyCount "53"]
[EventDate "2023.03.15"]
[EventType "tourn"]
[EventRounds "9"]
[EventCountry "USA"]
[SourceTitle "CBM 213 Extra"]
[Source "ChessBase"]
[SourceDate "2023.05.31"]
[SourceVersion "1"]
[SourceVersionDate "2023.05.31"]
[SourceQuality "1"]

1. d4 Nf6 2. c4 e6 3. Nc3 Bb4 4. e3 0-0 5. Bd3 d5 6. a3 Bxc3+ 7. bxc3 dxc4 8. Bxc4 c5 9. Ne2 Qc7 10. Bd3 e5 11. 0-0 Nc6 12. Ng3 Be6 13. f4 exd4 14. cxd4 Rad8 15. Rb1 a6 16. h3 b5 17. Kh1 Bc4 18. Bxc4 bxc4 19. Qc2 cxd4 20. Qxc4 Qd7 21. e4 d3 22. Bd2 Nd4 23. e5 Ne2 24. Nxe2 dxe2 25. Qxe2 Qxd2 26. Qxd2 Rxd2 27. exf6 1/2-1/2

[Event "Titled Tuesday intern op 08th Feb Early"]
[Site "Chess.com INT"]
[Date "2022.02.08"]
[Round "7"]
[White "Arvind, C Jayaraman"]
[Black "Politov, Pavel Y"]
[Result "0-1"]
[WhiteElo "2166"]
[BlackElo "2190"]
[PlyCount "82"]
[EventDate "2022.02.08"]
[EventType "swiss (blitz)"]
[EventRounds "11"]
[EventCountry "USA"]
[SourceTitle "CBM 206 Extra"]
[Source "ChessBase"]
[SourceDate "2022.03.31"]
[SourceVersion "1"]
[SourceVersionDate "2022.03.31"]
[SourceQuality "1"]

1. e4 c5 2. Nf3 d6 3. c3 Nc6 4. d4 cxd4 5. cxd4 Nf6 6. Nc3 e6 7. Bg5 Be7 8. Bd3 0-0 9. 0-0 b6 10. e5 dxe5 11. dxe5 Nd7 12. Bxe7 Qxe7 13. Qe2 Bb7 14. Qe4 g6 15. h4 Ncxe5 16. Qxb7 Nxd3 17. Rad1 Rfb8 18. Qe4 N7c5 19. Qe2 Rd8 20. g3 Rac8 21. a3 Qf6 22. Rd2 Nxb2 23. Nb5 Rxd2 24. Nxd2 Rd8 25. Nxa7 Rd3 26. Nc6 Rxa3 27. Rb1 Nbd3 28. Rxb6 Ra1+ 29. Kg2 Re1 30. Qf3 Qxf3+ 31. Nxf3 Re2 32. Ncd4 Rxf2+ 33. Kg1 Ra2 34. Ng5 Kg7 35. Rc6 Ra1+ 36. Kg2 Ra4 37. Ndf3 Ne4 38. Rc7 Nd6 39. Rd7 Ra6 40. Nd4 h6 41. Ngf3 e5 0-1

[Event "Titled Tuesday intern op 31st Aug"]
[Site "Chess.com INT"]
[Date "2021.08.31"]
[Round "1"]
[White "Quispe Arteaga, Gabriel"]
[Black "Arvind, C Jayaraman"]
[Result "0-1"]
[WhiteElo "2401"]
[BlackElo "2153"]
[PlyCount "78"]
[EventDate "2021.08.31"]
[EventType "swiss (blitz)"]
[EventRounds "11"]
[EventCountry "USA"]
[SourceTitle "EXT 2022"]
[Source "ChessBase"]
[SourceDate "2021.10.06"]
[SourceVersion "1"]
[SourceVersionDate "2021.10.06"]
[SourceQuality "1"]

1. c4 e6 2. Nc3 d5 3. e3 Nf6 4. Nf3 Be7 5. b3 0-0 6. Bb2 c5 7. cxd5 Nxd5 8. Be2 Nc6 9. 0-0 b6 10. Rc1 Bb7 11. Qc2 Rc8 12. Qb1 Nxc3 13. dxc3 Bf6 14. Rfd1 Qe7 15. Nd2 Rfd8 16. Ne4 Be5 17. Bf3 Bb8 18. c4 Ne5 19. Bxe5 Bxe5 20. Nd2 Bxf3 21. Nxf3 Bf6 22. Qe4 g6 23. g4 Rxd1+ 24. Rxd1 Rd8 25. Rxd8+ Qxd8 26. Kg2 h6 27. Qb7 Qe7 28. Qxe7 Bxe7 29. Ne5 Bd6 30. Nc6 a6 31. f4 Kf8 32. Kf3 Ke8 33. Ke4 f6 34. f5 exf5+ 35. gxf5 gxf5+ 36. Kd5 Bxh2 37. Ke6 h5 38. Ne7 h4 39. Ng6 h3 0-1

[Event "Titled Tuesday intern op 13th July"]
[Site "Chess.com INT"]
[Date "2021.07.13"]
[Round "5"]
[White "Gelman, Alexander"]
[Black "Arvind, C Jayaraman"]
[Result "1-0"]
[WhiteElo "2403"]
[BlackElo "2127"]
[PlyCount "61"]
[EventDate "2021.07.13"]
[EventType "swiss (blitz)"]
[EventRounds "11"]
[EventCountry "USA"]
[SourceTitle "CBM 203 Extra"]
[Source "ChessBase"]
[SourceDate "2021.09.30"]
[SourceVersion "1"]
[SourceVersionDate "2021.09.30"]
[SourceQuality "1"]

1. d4 Nf6 2. Nc3 d5 3. Bf4 a6 4. e3 c5 5. Nf3 Nc6 6. Ne5 e6 7. Nxc6 bxc6 8. Na4 cxd4 9. exd4 Be7 10. Bd3 0-0 11. c3 a5 12. Qe2 Nd7 13. h4 c5 14. h5 cxd4 15. cxd4 Bb4+ 16. Kf1 Nb6 17. Nc5 Nd7 18. Rc1 Bxc5 19. dxc5 e5 20. Bd2 f6 21. Rh3 Nb8 22. Rg3 Ba6 23. c6 Bxd3 24. Qxd3 Ra7 25. a3 a4 26. Bb4 Rff7 27. Qf5 Rfc7 28. Qe6+ Kh8 29. h6 gxh6 30. Be7 Rxe7 31. Qxf6+ 1-0

[Event "Titled Tuesday intern op 13th July"]
[Site "Chess.com INT"]
[Date "2021.07.13"]
[Round "2"]
[White "Ratnesan, Ranesh"]
[Black "Arvind, C Jayaraman"]
[Result "0-1"]
[WhiteElo "2258"]
[BlackElo "2127"]
[PlyCount "122"]
[EventDate "2021.07.13"]
[EventType "swiss (blitz)"]
[EventRounds "11"]
[EventCountry "USA"]
[SourceTitle "CBM 203 Extra"]
[Source "ChessBase"]
[SourceDate "2021.09.30"]
[SourceVersion "1"]
[SourceVersionDate "2021.09.30"]
[SourceQuality "1"]

1. d4 d5 2. Bf4 Nf6 3. e3 e6 4. Nf3 Bd6 5. Bg3 c5 6. c3 Qc7 7. Bd3 Nbd7 8. Nbd2 0-0 9. 0-0 e5 10. Nxe5 Nxe5 11. dxe5 Bxe5 12. Bxe5 Qxe5 13. Nf3 Qc7 14. c4 dxc4 15. Bxc4 Bg4 16. h3 Bh5 17. Be2 a6 18. Rc1 b5 19. Nd4 Bxe2 20. Qxe2 Rac8 21. Nf5 Qe5 22. Qf3 g6 23. Nh6+ Kg7 24. Ng4 Nxg4 25. hxg4 Qxb2 26. g3 c4 27. Rfd1 Qf6 28. Qe4 Rfd8 29. Rxd8 Rxd8 30. a4 c3 31. axb5 axb5 32. Qb4 Rd2 33. Qxc3 Rxf2 34. Qxf6+ Rxf6 35. Rb1 Rb6 36. Rb4 Kf6 37. Kf2 Ke5 38. Ke2 Kd5 39. Kd3 Kc5 40. Rf4 Rb7 41. Kc3 Re7 42. e4 b4+ 43. Kb3 h6 44. e5 Rb7 45. Rf6 Re7 46. Rf4 Rxe5 47. Rxb4 Re3+ 48. Ka4 Rxg3 49. Rf4 g5 50. Rf5+ Kd6 51. Rxf7 Rxg4+ 52. Kb3 h5 53. Kc3 Ke6 54. Rh7 h4 55. Kd3 Rf4 56. Ke3 Kf5 57. Ra7 Kg4 58. Ra1 h3 59. Rg1+ Kh4 60. Ke2 h2 61. Rh1 Kh3 0-1

[Event "Titled Tuesday intern op 08th June"]
[Site "Chess.com INT"]
[Date "2021.06.08"]
[Round "10"]
[White "Arvind, C Jayaraman"]
[Black "Chiku Ratte, Olivier Kenta"]
[Result "1-0"]
[WhiteElo "2124"]
[BlackElo "2377"]
[PlyCount "85"]
[EventDate "2021.06.08"]
[EventType "swiss (blitz)"]
[EventRounds "11"]
[EventCountry "USA"]
[SourceTitle "CBM 202 Extra"]
[Source "ChessBase"]
[SourceDate "2021.07.31"]
[SourceVersion "1"]
[SourceVersionDate "2021.07.31"]
[SourceQuality "1"]

1. d4 Nf6 2. c4 g6 3. Nc3 Bg7 4. e4 d6 5. Nf3 0-0 6. Be2 c6 7. 0-0 Na6 8. Be3 e5 9. Rb1 Bg4 10. b4 Bxf3 11. Bxf3 Nd7 12. d5 c5 13. a3 Rc8 14. Be2 f5 15. f3 f4 16. Bf2 g5 17. Nb5 Qb6 18. g4 fxg3 19. hxg3 Ra8 20. Qd2 h6 21. Kg2 Nc7 22. Nc3 Qa6 23. Qb2 b6 24. a4 cxb4 25. Qxb4 Nc5 26. Nb5 Nxb5 27. axb5 Qb7 28. Ra1 g4 29. Ra3 gxf3+ 30. Bxf3 Rf7 31. Bg4 Kh8 32. Bxc5 Rxf1 33. Kxf1 dxc5 34. Qd2 Qe7 35. d6 Rf8+ 36. Kg2 Qf7 37. Rf3 Qe8 38. d7 Qd8 39. Rxf8+ Bxf8 40. Qd5 Bg7 41. Qf7 Kh7 42. Bf5+ Kh8 43. Qe8+ 1-0

[Event "Titled Tuesday intern op 08th June"]
[Site "Chess.com INT"]
[Date "2021.06.08"]
[Round "8"]
[White "Arvind, C Jayaraman"]
[Black "Quirke, Jeffrey"]
[Result "1/2-1/2"]
[WhiteElo "2124"]
[BlackElo "2107"]
[PlyCount "92"]
[EventDate "2021.06.08"]
[EventType "swiss (blitz)"]
[EventRounds "11"]
[EventCountry "USA"]
[SourceTitle "CBM 202 Extra"]
[Source "ChessBase"]
[SourceDate "2021.07.31"]
[SourceVersion "1"]
[SourceVersionDate "2021.07.31"]
[SourceQuality "1"]

1. d4 d5 2. c4 e6 3. Nf3 a6 4. Qc2 dxc4 5. Qxc4 Nd7 6. g3 b5 7. Qc6 Rb8 8. Bg2 Bb7 9. Qc2 c5 10. dxc5 Bxc5 11. 0-0 Rc8 12. Qb3 Ngf6 13. a4 Qb6 14. axb5 axb5 15. Nc3 Bc6 16. Ng5 0-0 17. Bxc6 Qxc6 18. Qxb5 Qxb5 19. Nxb5 h6 20. Nf3 Ne4 21. e3 Rb8 22. Nbd4 Rfc8 23. Rd1 Nb6 24. Ne5 Nd5 25. Nd3 Bxd4 26. exd4 Rb3 27. f3 Nd6 28. Kg2 Nc4 29. Kf2 Rbb8 30. Ra2 Nb4 31. Nxb4 Rxb4 32. d5 exd5 33. Rxd5 Nb6 34. Rd1 Rc2+ 35. Kg1 Nc4 36. Ra8+ Kh7 37. Rc8 Re2 38. h4 Nxb2 39. Rf1 Nd3 40. Rd8 Nxc1 41. Rxc1 Rbb2 42. Rd7 Rg2+ 43. Kf1 Rgf2+ 44. Kg1 Rg2+ 45. Kf1 Rgf2+ 46. Kg1 Rg2+ 1/2-1/2

[Event "Titled Tuesday intern op 01st June"]
[Site "Chess.com INT"]
[Date "2021.06.01"]
[Round "2"]
[White "Arvind, C Jayaraman"]
[Black "Necula, Iulian"]
[Result "1-0"]
[WhiteElo "2124"]
[BlackElo "1890"]
[PlyCount "103"]
[EventDate "2021.06.01"]
[EventType "swiss (blitz)"]
[EventRounds "11"]
[EventCountry "USA"]
[SourceTitle "CBM 202 Extra"]
[Source "ChessBase"]
[SourceDate "2021.07.31"]
[SourceVersion "1"]
[SourceVersionDate "2021.07.31"]
[SourceQuality "1"]

1. d4 d6 2. Nf3 g6 3. c4 Bg7 4. Nc3 f5 5. e4 fxe4 6. Nxe4 Nf6 7. Nxf6+ exf6 8. Bd3 Qe7+ 9. Be3 Bg4 10. h3 Bxf3 11. Qxf3 0-0 12. Qxb7 Nd7 13. 0-0 Rab8 14. Qxc7 Rxb2 15. Rab1 Rfb8 16. Rxb2 Rxb2 17. Qxa7 f5 18. c5 dxc5 19. dxc5 h6 20. c6 Qd6 21. Qxd7 Qxd7 22. cxd7 Rb8 23. Bb6 Bf6 24. Bc7 Rf8 25. Bc4+ Kg7 26. Re1 Bd8 27. Bxd8 Rxd8 28. Bb5 Kf7 29. Re8 Rxd7 30. Bxd7 g5 31. Rh8 Kg7 32. Rxh6 Kxh6 33. Bxf5 Kh5 34. a4 Kh4 35. a5 g4 36. a6 gxh3 37. Bxh3 Kg5 38. a7 Kf4 39. a8Q Ke5 40. Qa4 Kd6 41. Qe4 Kc7 42. f4 Kd8 43. g4 Kc7 44. f5 Kb6 45. g5 Ka5 46. f6 Kb6 47. g6 Kc5 48. f7 Kd6 49. g7 Kc7 50. g8Q Kd6 51. f8Q+ Kc7 52. Qc5# 1-0

[Event "Titled Tuesday intern op 18th May"]
[Site "Chess.com INT"]
[Date "2021.05.18"]
[Round "7"]
[White "Arvind, C Jayaraman"]
[Black "Barbero Sendic, Alejandro"]
[Result "1-0"]
[WhiteElo "2124"]
[BlackElo "2322"]
[PlyCount "61"]
[EventDate "2021.05.18"]
[EventType "swiss (blitz)"]
[EventRounds "11"]
[EventCountry "USA"]
[SourceTitle "CBM 202 Extra"]
[Source "ChessBase"]
[SourceDate "2021.07.31"]
[SourceVersion "1"]
[SourceVersionDate "2021.07.31"]
[SourceQuality "1"]

1. d4 e6 2. c4 d5 3. g3 Nf6 4. Bg2 dxc4 5. Nf3 c6 6. 0-0 b5 7. a4 Bb7 8. Ne5 a6 9. Nc3 Nd5 10. e4 Nxc3 11. bxc3 Bd6 12. f4 Nd7 13. Rb1 Nxe5 14. fxe5 Be7 15. Qh5 0-0 16. Be3 Qa5 17. Rbc1 Qxa4 18. Qg4 Kh8 19. Bg5 Bxg5 20. Qxg5 Qa3 21. Rc2 Rae8 22. Rf4 Qe7 23. Qh5 c5 24. Rcf2 Kg8 25. Rh4 h6 26. Rf6 cxd4 27. Rg4 dxc3 28. Rxg7+ Kxg7 29. Qxh6+ Kg8 30. Qg5+ Kh7 31. Rh6# 1-0

[Event "Titled Tuesday intern op 18th May"]
[Site "Chess.com INT"]
[Date "2021.05.18"]
[Round "8"]
[White "Trost, Edvin"]
[Black "Arvind, C Jayaraman"]
[Result "1-0"]
[WhiteElo "2184"]
[BlackElo "2124"]
[PlyCount "135"]
[EventDate "2021.05.18"]
[EventType "swiss (blitz)"]
[EventRounds "11"]
[EventCountry "USA"]
[SourceTitle "CBM 202 Extra"]
[Source "ChessBase"]
[SourceDate "2021.07.31"]
[SourceVersion "1"]
[SourceVersionDate "2021.07.31"]
[SourceQuality "1"]

1. Nf3 d5 2. e3 Nf6 3. c4 e6 4. b3 Be7 5. Bb2 0-0 6. Qc2 b6 7. Be2 Bb7 8. Nc3 c5 9. cxd5 Nxd5 10. h4 Nxc3 11. Bxc3 Bf6 12. Ng5 g6 13. f4 Bxg2 14. Rh2 Bb7 15. h5 Bxg5 16. fxg5 Qxg5 17. 0-0-0 Nd7 18. e4 Nf6 19. Rdh1 Bxe4 20. Bxf6 Qxf6 21. Qxe4 Rad8 22. hxg6 hxg6 23. Kb1 Qd4 24. Qxd4 cxd4 25. Rh7 Rfe8 26. Bd3 Rf8 27. Kb2 Rc8 28. a4 a5 29. Bc4 Rcd8 30. d3 Rc8 31. Kc2 Rfd8 32. Kd2 Kf8 33. Rf1 f5 34. Bxe6 Rc6 35. Bc4 Rdd6 36. Re1 Rf6 37. Rd7 f4 38. Rd8+ Kg7 39. Rd7+ Kh6 40. Ree7 f3 41. Re1 g5 42. Rd8 g4 43. Rh8+ Kg5 44. Rg8+ Kf4 45. Re4+ Kg3 46. Rgxg4+ Kf2 47. Ref4 Rxf4 48. Rxf4 Rh6 49. Bd5 Rh3 50. Rf6 Rg3 51. Rxb6 Kg1 52. Rf6 f2 53. Bc4 f1Q 54. Rxf1+ Kxf1 55. Kc2 Rg2+ 56. Kb1 Ke1 57. b4 axb4 58. a5 Rg5 59. a6 Ra5 60. Kb2 Kd2 61. Kb3 Ra1 62. Kxb4 Kc2 63. Kc5 Kc3 64. Kb6 Rb1+ 65. Kc7 Ra1 66. Kb7 Kb4 67. a7 Kc5 68. a8Q 1-0

[Event "Titled Tuesday intern op 06th Apr"]
[Site "Chess.com INT"]
[Date "2021.04.06"]
[Round "2"]
[White "Arvind, C Jayaraman"]
[Black "Taboas Rodriguez, Daniel"]
[Result "1-0"]
[WhiteElo "2124"]
[BlackElo "2366"]
[PlyCount "105"]
[EventDate "2021.04.06"]
[EventType "swiss (blitz)"]
[EventRounds "11"]
[EventCountry "USA"]
[SourceTitle "CBM 201 Extra"]
[Source "ChessBase"]
[SourceDate "2021.05.31"]
[SourceVersion "1"]
[SourceVersionDate "2021.05.31"]
[SourceQuality "1"]

1. d4 Nf6 2. c4 g6 3. Nc3 Bg7 4. e4 d6 5. Nf3 0-0 6. Be2 e5 7. d5 a5 8. Bg5 h6 9. Be3 Ng4 10. Bd2 f5 11. h3 Nf6 12. exf5 gxf5 13. Qc1 f4 14. g3 e4 15. Nh4 e3 16. fxe3 fxg3 17. Ng6 Rf7 18. Qc2 g2 19. Rg1 Bxh3 20. Nf4 Qd7 21. Qg6 Qf5 22. Qg3 Bg4 23. e4 Qd7 24. Rxg2 h5 25. Bxg4 Qxg4 26. Ne6 Qxg3+ 27. Rxg3 Kh8 28. 0-0-0 Na6 29. Rdg1 Rg8 30. Be3 Nc5 31. Nxc5 dxc5 32. Bxc5 Bh6+ 33. Kc2 Rxg3 34. Rxg3 Kh7 35. e5 Bf4 36. e6 Rg7 37. Rxg7+ Kxg7 38. Bd4 Kg6 39. Bxf6 Kxf6 40. Kd3 h4 41. Ne4+ Ke7 42. Nf2 a4 43. b3 axb3 44. axb3 Bg3 45. Nh3 Kf6 46. Ke4 Be1 47. Kf3 b6 48. Kg4 Bg3 49. Ng5 Ke7 50. Nf3 Kd6 51. Nxh4 Be5 52. Nf5+ Kc5 53. e7 1-0

[Event "Titled Tuesday intern op 30th Mar"]
[Site "Chess.com INT"]
[Date "2021.03.30"]
[Round "4"]
[White "Arvind, C Jayaraman"]
[Black "Pantzar, Milton"]
[Result "0-1"]
[WhiteElo "2124"]
[BlackElo "2421"]
[PlyCount "118"]
[EventDate "2021.03.30"]
[EventType "swiss (blitz)"]
[EventRounds "11"]
[EventCountry "USA"]
[SourceTitle "CBM 201 Extra"]
[Source "ChessBase"]
[SourceDate "2021.05.31"]
[SourceVersion "1"]
[SourceVersionDate "2021.05.31"]
[SourceQuality "1"]

1. d4 Nf6 2. Nf3 e6 3. Bg5 d5 4. Nbd2 Nbd7 5. e3 h6 6. Bh4 b6 7. Bd3 Bb7 8. c3 Be7 9. Ne5 Nxe5 10. dxe5 Nd7 11. Bxe7 Qxe7 12. f4 Qh4+ 13. g3 Qh3 14. Qe2 d4 15. Be4 Bxe4 16. Nxe4 dxc3 17. Nxc3 0-0 18. 0-0-0 Nc5 19. Kb1 a5 20. Rd4 a4 21. Rhd1 a3 22. b3 Na6 23. Nb5 c5 24. Rd7 Nb4 25. e4 Nc6 26. R1d6 Rac8 27. Rb7 h5 28. Rxb6 Nd4 29. Nxd4 cxd4 30. Rxd4 h4 31. Rd3 Rc7 32. Rbd6 hxg3 33. Rxg3 Rfc8 34. Rd1 Qh6 35. Rf3 g6 36. Qd2 Qh5 37. Rd3 Kg7 38. Rd4 Qf3 39. f5 exf5 40. exf5 Qxf5+ 41. Rd3 Rc2 42. Qxc2 Rxc2 43. Kxc2 Qxe5 44. R1d2 Qb2+ 45. Kd1 Qb1+ 46. Ke2 Qa1 47. Re3 f5 48. Red3 g5 49. Rd7+ Kg6 50. R7d6+ Kh5 51. R6d5 f4 52. Kf3 Qh1+ 53. Ke2 Qxh2+ 54. Kd3 Qg3+ 55. Ke4 f3 56. R5d3 Qf4+ 57. Kd5 f2 58. Rxf2 Qxf2 59. Rd4 Qxa2 0-1

[Event "Titled Tuesday intern op 15th Sept"]
[Site "Chess.com INT"]
[Date "2020.09.15"]
[Round "1"]
[White "Arvind, C Jayaraman"]
[Black "Mohammad Fahad, Rahman"]
[Result "1-0"]
[WhiteElo "2124"]
[BlackElo "2319"]
[PlyCount "139"]
[EventDate "2020.09.15"]
[EventType "swiss (blitz)"]
[EventRounds "10"]
[EventCountry "USA"]
[SourceTitle "CBM 198 Extra"]
[Source "ChessBase"]
[SourceDate "2020.11.30"]
[SourceVersion "1"]
[SourceVersionDate "2020.11.30"]
[SourceQuality "1"]

1. d4 Nf6 2. c4 g6 3. Nc3 Bg7 4. e4 d6 5. Nf3 0-0 6. Be2 e5 7. d5 a5 8. Bg5 Na6 9. Nd2 Qe8 10. g4 c6 11. h4 cxd5 12. cxd5 Nc5 13. h5 Bd7 14. a4 Qc8 15. f3 Na6 16. h6 Bh8 17. Nc4 Qc7 18. Nb5 Bxb5 19. axb5 Nc5 20. b6 Qd8 21. Nxa5 Qxb6 22. Nc4 Qc7 23. b4 Rxa1 24. Qxa1 Nb3 25. Qa3 Nd4 26. Qd3 b5 27. Na5 Nc2+ 28. Kf2 Qb6+ 29. Kg2 Rc8 30. Nc6 Kf8 31. Qxb5 Qxb5 32. Bxb5 Nd7 33. Ba4 f6 34. Bd2 Nd4 35. Nxd4 exd4 36. Rc1 Rxc1 37. Bxc1 Nb6 38. Bc6 Ke7 39. b5 f5 40. exf5 gxf5 41. g5 d3 42. Be3 Nc4 43. Kf2 f4 44. Bc1 Bd4+ 45. Ke1 Be3 46. Bxe3 fxe3 47. b6 d2+ 48. Ke2 Nb2 49. Ba4 d1Q+ 50. Bxd1 Nc4 51. b7 Nb6 52. b8Q Nxd5 53. Qb7+ Ke6 54. Qxd5+ Kxd5 55. Bc2 Ke5 56. Bxh7 d5 57. Bd3 d4 58. h7 Kf4 59. h8Q Kxg5 60. Qxd4 Kh5 61. Qxe3 Kh4 62. Bc2 Kg3 63. Bd1 Kg2 64. f4 Kh1 65. f5 Kh2 66. Qg5 Kh3 67. f6 Kh2 68. f7 Kh1 69. f8Q Kh2 70. Qh8# 1-0

[Event "Titled Tuesday intern op 15th Sept"]
[Site "Chess.com INT"]
[Date "2020.09.15"]
[Round "5"]
[White "Romanchuk, Viktor"]
[Black "Arvind, C Jayaraman"]
[Result "1-0"]
[WhiteElo "2258"]
[BlackElo "2124"]
[PlyCount "35"]
[EventDate "2020.09.15"]
[EventType "swiss (blitz)"]
[EventRounds "10"]
[EventCountry "USA"]
[SourceTitle "CBM 198 Extra"]
[Source "ChessBase"]
[SourceDate "2020.11.30"]
[SourceVersion "1"]
[SourceVersionDate "2020.11.30"]
[SourceQuality "1"]

1. d4 Nf6 2. c4 e6 3. Nc3 d5 4. Nf3 Be7 5. Bf4 0-0 6. e3 b6 7. cxd5 Nxd5 8. Nxd5 Qxd5 9. Be2 Qa5+ 10. Nd2 Bb7 11. 0-0 Rc8 12. Nc4 Qd5 13. Bf3 Qxc4 14. Bxb7 Nd7 15. Bxa8 Rxa8 16. Rc1 Qxa2 17. Rxc7 Qd5 18. Qf3 1-0